00358nam a2200145Ia 4500008004100000020001500041082001500056100001400071245004500085250000800130260002500138300001200163500002500175650001200200230524s9999 xx 000 0 und d a8120305167 a5.133bBSC aM.J.Batch 4aThe Design of the Unix Operating Systems a1ST aNEW DELHIbPHIc2000 aXIV;471 aQuantity Number: 43 aComp-Sc